Territorio y ciudades en el noroeste de México al inicio del siglo XXI (Record no. 132658)

MARC details
000 -LEADER
fixed length control field 01128nam a22002657a 4500
005 - DATE AND TIME OF LATEST TRANSACTION
control field 20170428095758.0
008 - FIXED-LENGTH DATA ELEMENTS--GENERAL INFORMATION
fixed length control field 170428b mx ||||| |||| 00| 0 spa d
020 ## - INTERNATIONAL STANDARD BOOK NUMBER
International Standard Book Number 9786074011944
050 04 - LIBRARY OF CONGRESS CALL NUMBER
Classification number HT395.M62
Item number T47 2009
245 00 - TITLE STATEMENT
Title Territorio y ciudades en el noroeste de México al inicio del siglo XXI
Statement of responsibility, etc / coordinadores Roberto García Ortega, Socorro Arzaluz Solano, Jesús Manuel Fitch Osuna.
250 ## - EDITION STATEMENT
Edition statement 1a ed.
260 ## - PUBLICATION, DISTRIBUTION, ETC. (IMPRINT)
Place of publication, distribution, etc Tijuana, B.C. :
Name of publisher, distributor, etc El Colegio de la Frontera Norte
260 ## - PUBLICATION, DISTRIBUTION, ETC. (IMPRINT)
Name of publisher, distributor, etc Miguel Ángel Porrúa,
Date of publication, distribution, etc 2009.
300 ## - PHYSICAL DESCRIPTION
Extent 354 p. :
Other physical details il. ;
Dimensions 21 cm.
490 0# - SERIES STATEMENT
Series statement Las ciencias sociales.Tercera década.
504 ## - BIBLIOGRAPHY, ETC. NOTE
Bibliography, etc Incluye bibliografía.
650 #7 - SUBJECT ADDED ENTRY--TOPICAL TERM
Source of heading or term lemb
Topical term or geographic name as entry element Planificación regional
Geographic subdivision México, Norte.
650 #7 - SUBJECT ADDED ENTRY--TOPICAL TERM
Source of heading or term lemb
Topical term or geographic name as entry element Planificación regional
Geographic subdivision México
-- Área Metropolitana de Monterrey
650 #7 - SUBJECT ADDED ENTRY--TOPICAL TERM
Source of heading or term lemb
Topical term or geographic name as entry element Urbanización
Geographic subdivision México, Norte.
650 #7 - SUBJECT ADDED ENTRY--TOPICAL TERM
Source of heading or term lemb
Topical term or geographic name as entry element Urbanización
Geographic subdivision México
-- Área Metropolitana de Monterrey
700 1# - ADDED ENTRY--PERSONAL NAME
Personal name García Ortega, Roberto,
Relator term coordinador
700 1# - ADDED ENTRY--PERSONAL NAME
Personal name Arzaluz Solano, Socorro,
Relator term coordinadora
700 1# - ADDED ENTRY--PERSONAL NAME
Personal name Fitch Osuna, Jesús Manuel,
Relator term coordinador
942 ## - ADDED ENTRY ELEMENTS (KOHA)
Source of classification or shelving scheme Biblioteca del Cogreso de los Estados Unidos
Koha item type Libro
Holdings
Estado de pérdida Fuente de clasificación Estado del daño No para préstamo Ubicación permanente Ubicación actual Apartado o colección Fecha de adquisición Fuente de adquisición Edición Área del conocimiento Clasificación Código de Barras Date last seen Número de copia Tipo de recurso
  Biblioteca del Cogreso de los Estados Unidos     Biblioteca de la Unidad de Ciencias Ingeniería y Humanidades Biblioteca de la Unidad de Ciencias Ingeniería y Humanidades Colección "Miguel Ángel Porrúa" 28/04/2017 Donación 1a ed. Ciencias Sociales y Administrativas HT395.M62 T47 2009 BCU000018352 28/04/2017 1 Libro